000 00992nam a22003137a 4500
003 CHAP
005 20220329143805.0
008 110822s1957 mx r 00010 spa d
010 _a101893
011 _a102865
035 _a113554
040 _cCHAP
090 _aFolleto 18005
100 1 _aHumphries, T.S.
_956900
245 1 0 _aCorrosion of aluminum irrigation pipe its cause and cure
_c/por T. S. Humphries y H. H. Nuernberger
260 _aPensylvania :
_bAlcoa,
_c1957
300 _a11 p.
590 _aBATCH-UPD
_b10
_c20130110
_lUCH01
_h1554
590 _aBATCH-UPD
_b10
_c20130410
_lUCH01
_h0952
590 _aBATCH-UPD
_b10
_c20130914
_lUCH01
_h1051
590 _aCONVERSION
_b10
_c20130109
_lUCH01
_h1356
650 0 4 _aCorrosión.
_928270
650 0 4 _aRiego por aspersión.
_997375
650 0 4 _aTubos de aluminio.
_9115492
700 1 _aNuernberger, H.H.
_982121
901 _aBK
942 _cFOLL
949 _aFolleto 18005
_bBC
_cFOLL
_d33724002304660
_eTS1
_h18005
_i113554
_sb
999 _c101893
_d101893